Tereny które chcą niepodległości - Statystyki

Ogólne statystyki
  • Ten quiz został rozwiązany 27 razy
  • Średni wynik to 20 z 25
Statystyki odpowiedzi
Hint Odpowiedź % Poprawnych
Grenlandia Dania
100%
Bawaria Niemcy
100%
Anglia Wielka Brytania
100%
Kraj Basków Hiszpania
96%
Katalonia Hiszpania
96%
Śląsk Polska
96%
Walia Wielka Brytania
96%
Szkocja Wielka Brytania
96%
Sycylia Włochy
96%
Wenecja Włochy
96%
Andaluzja Hiszpania
92%
Sardynia Włochy
92%
Morawy Czechy
84%
Korsyka Francja
80%
Bretania Francja
80%
Węgrzy na terenie Słowacja
80%
Oksytania Francja
68%
Aragonia Hiszpania
68%
Rosjanie na terenie Łotwa
68%
Kornwalia Wielka Brytania
68%
Południowy Tyrol Włochy
68%
Flandria Belgia
64%
Galicja Hiszpania
56%
Wyspy Alandzkie Finlandia
52%
Szetlandy Wielka Brytania
48%
Nie znaleziono quizów pasujących do podanych kryteriów
Rozkład punktacji
Procent ludzi z każdym wynikiem
Percentyl według liczby udzielonych odpowiedzi
Twoja historia wyników
Nie rozwiązałeś tego quizu